The Aeneid of Virgil (Record no. 127168)
[ view plain ]
| 000 -LEADER | |
|---|---|
| fixed length control field | 01004cam a22002897 4500 |
| 001 - CONTROL NUMBER | |
| control field | 527082 |
| 003 - CONTROL NUMBER IDENTIFIER | |
| control field | ARRUPE |
| 005 - DATE AND TIME OF LATEST TRANSACTION | |
| control field | 20240709105628.0 |
| 007 - PHYSICAL DESCRIPTION FIXED FIELD--GENERAL INFORMATION | |
| fixed length control field | hdrafa---baca |
| 007 - PHYSICAL DESCRIPTION FIXED FIELD--GENERAL INFORMATION | |
| fixed length control field | hdrbfa---baaa |
| 008 - FIXED-LENGTH DATA ELEMENTS--GENERAL INFORMATION | |
| fixed length control field | 861010s1952 nyu 000 0 eng |
| 010 ## - LIBRARY OF CONGRESS CONTROL NUMBER | |
| LC control number | 86213658 |
| 040 ## - CATALOGING SOURCE | |
| Original cataloging agency | DLC |
| Transcribing agency | DLC |
| Modifying agency | DLC |
| 050 00 - LIBRARY OF CONGRESS CALL NUMBER | |
| Classification number | PR-10-1 |
| 300 ## - PHYSICAL DESCRIPTION | |
| Dimensions | 23 cm. |
| 100 0# - MAIN ENTRY--PERSONAL NAME | |
| Personal name | Humphries, Rolfe |
| 9 (RLIN) | 37351 |
| 240 10 - UNIFORM TITLE | |
| Uniform title | <a href="Aeneis.">Aeneis.</a> |
| Language of a work | English |
| 245 14 - TITLE STATEMENT | |
| Title | The Aeneid of Virgil |
| Medium | [microform] / |
| Statement of responsibility, etc | / Rolfe Humphries |
| 260 ## - PUBLICATION, DISTRIBUTION, ETC. (IMPRINT) | |
| Place of publication, distribution, etc | New York : |
| Name of publisher, distributor, etc | Oxford University Press, |
| Date of publication, distribution, etc | 1952. |
| 300 ## - PHYSICAL DESCRIPTION | |
| Extent | 288 p. ; |
| 500 ## - GENERAL NOTE | |
| General note | Call number of original: PA6807.A5D34 1952. |
| 500 ## - GENERAL NOTE | |
| General note | Master microform held by: DLC. |
| 533 ## - REPRODUCTION NOTE | |
| Type of reproduction | Microfilm. |
| Place of reproduction | Washington, D.C. : |
| Agency responsible for reproduction | Library of Congress Photoduplication Service, |
| Date of reproduction | 1986. |
| Physical description of reproduction | 1 microfilm reel ; 35 mm. |
| 600 00 - SUBJECT ADDED ENTRY--PERSONAL NAME | |
| Personal name | Aeneas |
| Titles and other words associated with a name | (Legendary character) |
| Form subdivision | Poetry. |
| 9 (RLIN) | 37352 |
| 650 #0 - SUBJECT ADDED ENTRY--TOPICAL TERM | |
| Topical term or geographic name as entry element | Epic poetry, Latin |
| Form subdivision | Translations into English. |
| 9 (RLIN) | 37353 |
| 906 ## - LOCAL DATA ELEMENT F, LDF (RLIN) | |
| a | 7 |
| b | cbc |
| c | orignew |
| d | 5 |
| e | ncip |
| f | 19 |
| g | y-genmicro |
| 942 ## - ADDED ENTRY ELEMENTS (KOHA) | |
| Source of classification or shelving scheme | Library of Congress Classification |
| Koha item type | Monograph ( Printed materials) |
No items available.